000 00560 a2200181 4500
003 OSt
005 20240122104137.0
008 240122b |||||||| |||| 00| 0 eng d
020 _a9789392115066
040 _coclc
082 _a332.091767
_bHUD/I
100 _aHudawi, Faisal Niyas
_910292
245 _aIslamic Finance:
_bPrayogavum Karma Shastravum /
_cFaisal Niyas Hudawi
250 _a1st ed.
260 _aMalappuram:
_bBook Plus Publishers,
_c2022.
300 _a320p.
942 _2ddc
_cBK
_eHUD/I
_h332.091767
_iHUD/I
_k332.091767
999 _c43282
_d43282